[Event "FBL 1"]
[Site "?"]
[Date "2018.11.17"]
[Round "3.1"]
[White "Sieber, Fiona"]
[Black "Zatonskih, Anna"]
[Result "0-1"]
[WhiteElo "2267"]
[BlackElo "2422"]
[PlyCount "234"]
[EventDate "2018.10.27"]
[EventType "team-tourn"]
[EventCountry "GER"]
[WhiteTeam "Lehrte SK"]
[BlackTeam "Baden Baden OSG"]
[WhiteTeamCountry "GER"]
[BlackTeamCountry "GER"]

1. e4 e6 2. d4 d5 3. Nc3 Bb4 4. e5 Qd7 5. Qg4 f5 6. Qh3 b6 7. a3 Bxc3+ 8. Qxc3
Ba6 9. Bxa6 Nxa6 10. Qd3 Nb8 11. Be3 Ne7 12. Ne2 O-O 13. h4 a5 14. h5 Na6 15.
Bg5 c5 16. Bxe7 Qxe7 17. Nf4 cxd4 18. Qxd4 Nc5 19. O-O Rfc8 20. Rfd1 Kf8 21.
Qe3 Kf7 22. Rac1 b5 23. b3 a4 24. b4 Nd7 25. c3 Rc4 26. Rd4 Nb6 27. Nd3 Rc6 28.
Qe2 Rac8 29. Nc5 Nc4 30. Ra1 Kg8 31. g3 Qc7 32. Nd3 Nb6 33. Nc5 Nc4 34. Nd3 Qb6
35. Kg2 Qb7 36. Nc5 Qe7 37. Rh4 Qc7 38. Nd3 Nb6 39. Nc5 Nc4 40. Nd3 Rb8 41. Rd4
Nb6 42. Nc5 Nd7 43. Nxd7 Qxd7 44. Rc1 Qc7 45. Rd3 Rc4 46. f3 Rc8 47. Qe3 f4 48.
gxf4 Qf7 49. Rd4 Qxh5 50. Rxc4 Rxc4 51. Qb6 Qg6+ 52. Kf2 h6 53. Rg1 Qf7 54.
Qxb5 Rxc3 55. Qxa4 Kh7 56. b5 Qf5 57. Qd4 Qc2+ 58. Kg3 Rc4 59. Qe3 Rc3 60. Qd4
Rxa3 61. b6 Rd3 62. Qb4 Qe2 63. Rg2 Qxf3+ 64. Kh2 Qh3+ 65. Kg1 Qe3+ 66. Kh2
Qh3+ 67. Kg1 Rd1+ 68. Kf2 Qh4+ 69. Ke2 Qh5+ 70. Kf2 Rc1 71. Qd2 Rb1 72. Qc2+
Qf5 73. Qxf5+ exf5 74. Ke3 Rxb6 75. Kd4 Rb4+ 76. Kxd5 Rxf4 77. Ke6 Rg4 78. Ra2
Kg6 79. Ke7 f4 80. e6 Rg3 81. Kf8 Re3 82. e7 Kf5 83. Ra3 Re1 84. Ra1 Re2 85.
e8=Q Rxe8+ 86. Kxe8 g5 87. Kf7 f3 88. Ra5+ Ke4 89. Kg6 f2 90. Rf5 Ke3 91. Re5+
Kd2 92. Rf5 Ke2 93. Re5+ Kf1 94. Kxh6 g4 95. Rg5 Ke2 96. Rxg4 f1=Q 97. Kg5 Ke3
98. Rh4 Qf7 99. Rg4 Kf3 100. Rh4 Qe7+ 101. Kh5 Qf6 102. Rh3+ Ke4 103. Rh4+ Ke5
104. Kg4 Qf4+ 105. Kh3 Qf3+ 106. Kh2 Kf5 107. Rh3 Qf2+ 108. Kh1 Qe2 109. Kg1
Kg4 110. Rh2 Qe1+ 111. Kg2 Qg3+ 112. Kh1 Qe1+ 113. Kg2 Qe3 114. Kf1 Qc1+ 115.
Kg2 Qe1 116. Rh8 Qd2+ 117. Kf1 Qc1+ 0-1

[Event "FBL 1"]
[Site "?"]
[Date "2018.11.17"]
[Round "3.2"]
[White "Kovalevskaya, Ekaterina"]
[Black "Duessler, Stefanie"]
[Result "1-0"]
[WhiteElo "2406"]
[BlackElo "2094"]
[PlyCount "113"]
[EventDate "2018.10.27"]
[EventType "team-tourn"]
[EventCountry "GER"]
[WhiteTeam "Baden Baden OSG"]
[BlackTeam "Lehrte SK"]
[WhiteTeamCountry "GER"]
[BlackTeamCountry "GER"]

1. Nf3 c5 2. g3 Nc6 3. Bg2 g6 4. O-O Bg7 5. e4 e5 6. d3 Nge7 7. Be3 d6 8. Qd2
O-O 9. Bh6 d5 10. Bxg7 Kxg7 11. exd5 Nxd5 12. Nc3 Nxc3 13. Qxc3 Qd6 14. Nd2 Qd4
15. Nb3 Qxc3 16. bxc3 c4 17. dxc4 Bf5 18. Rfe1 f6 19. Nc5 Na5 20. Nxb7 Nxc4 21.
Rad1 Rac8 22. f4 Rc7 23. Nd6 Bxc2 24. Rd5 Nxd6 25. Rxd6 exf4 26. gxf4 Bf5 27.
Ra6 Bd3 28. Rc6 Rff7 29. Rxc7 Rxc7 30. Bd5 a5 31. c4 h6 32. Kf2 g5 33. fxg5
hxg5 34. Rc1 Kg6 35. Ke3 Bf5 36. Kd4 Rh7 37. c5 Rxh2 38. c6 Rh4+ 39. Kc5 g4 40.
c7 Rh8 41. Kd6 Bc8 42. Be6 f5 43. Bxc8 Rxc8 44. Kd7 Rh8 45. c8=Q Rxc8 46. Rxc8
f4 47. Ke6 Kg5 48. Ke5 f3 49. Rf8 Kh4 50. Kf4 Kh3 51. Ke3 Kg2 52. Rf4 Kg3 53.
a3 f2 54. Rxf2 Kh3 55. Rf5 g3 56. Rxa5 Kh2 57. Rh5+ 1-0

[Event "FBL 1"]
[Site "?"]
[Date "2018.11.17"]
[Round "3.3"]
[White "Boehm, Jana"]
[Black "Kachiani Gersinska, Ketino"]
[Result "0-1"]
[WhiteElo "1995"]
[BlackElo "2321"]
[PlyCount "78"]
[EventDate "2018.10.27"]
[EventType "team-tourn"]
[EventCountry "GER"]
[WhiteTeam "Lehrte SK"]
[BlackTeam "Baden Baden OSG"]
[WhiteTeamCountry "GER"]
[BlackTeamCountry "GER"]

1. e4 c6 2. d4 d5 3. e5 Bf5 4. Nf3 e6 5. Be2 Nd7 6. O-O Bg6 7. Be3 Nh6 8. Nbd2
Nf5 9. Bg5 Qb6 10. Nb3 a5 11. a4 Bh5 12. h3 h6 13. Be3 Be7 14. Qd2 O-O 15. Kh1
f6 16. Bf4 Bxf3 17. Bxf3 fxe5 18. dxe5 Qb4 19. Rfe1 Nh4 20. Bg4 Qxf4 21. Bxe6+
Kh8 22. Qxf4 Rxf4 23. Bxd7 Rxf2 24. Rf1 Raf8 25. Rxf2 Rxf2 26. Rd1 Rxg2 27. Rf1
Rxc2 28. Nxa5 Rxb2 29. Bc8 d4 30. Bxb7 d3 31. Bxc6 Re2 32. Bb5 Re3 33. Nb3
Rxh3+ 34. Kg1 Rg3+ 35. Kf2 Rg2+ 36. Ke3 d2 37. Kd3 Nf3 38. Kc3 Rg3 39. Nxd2
Nh2+ 0-1

[Event "FBL 1"]
[Site "?"]
[Date "2018.11.17"]
[Round "3.4"]
[White "Tammert, Iamze"]
[Black "Manusina, Nicole"]
[Result "1-0"]
[WhiteElo "2295"]
[BlackElo "1975"]
[PlyCount "35"]
[EventDate "2018.10.27"]
[EventType "team-tourn"]
[EventCountry "GER"]
[WhiteTeam "Baden Baden OSG"]
[BlackTeam "Lehrte SK"]
[WhiteTeamCountry "GER"]
[BlackTeamCountry "GER"]

1. Nf3 d5 2. d4 Nf6 3. c4 dxc4 4. Qa4+ Nbd7 5. Nc3 e6 6. e4 Be7 7. Bxc4 O-O 8.
Qc2 Nb6 9. Bd3 h6 10. O-O Bd7 11. Qe2 c5 12. e5 Nfd5 13. Bxh6 Bc6 14. Qe4 Nf6
15. Qh4 gxh6 16. exf6 Nd5 17. Nxd5 Qxd5 18. Qxh6 1-0

[Event "FBL 1"]
[Site "?"]
[Date "2018.11.17"]
[Round "3.5"]
[White "Laake, Jasmin"]
[Black "Heinemann, Josefine"]
[Result "0-1"]
[WhiteElo "2015"]
[BlackElo "2308"]
[PlyCount "80"]
[EventDate "2018.10.27"]
[EventType "team-tourn"]
[EventCountry "GER"]
[WhiteTeam "Lehrte SK"]
[BlackTeam "Baden Baden OSG"]
[WhiteTeamCountry "GER"]
[BlackTeamCountry "GER"]

1. e4 c5 2. Nf3 d6 3. d4 cxd4 4. Nxd4 Nf6 5. Nc3 a6 6. f4 e5 7. Nf3 Nbd7 8. Bc4
Be7 9. O-O O-O 10. a4 exf4 11. Qd4 d5 12. Qd1 dxc4 13. Bxf4 Qb6+ 14. Kh1 Qxb2
15. Qd4 Bc5 16. Qxc4 Qb4 17. Qd3 Qa5 18. e5 Ng4 19. Ng5 g6 20. Qh3 h5 21. e6
Ndf6 22. exf7+ Kg7 23. Qf3 Bf5 24. Nd5 Bd4 25. Nc7 Bxa1 26. Rxa1 Qb6 27. h3
Nf2+ 28. Kh2 N2e4 29. Nxa8 Rxa8 30. Re1 Nxg5 31. Bxg5 Rf8 32. Qf4 Rxf7 33. Bh6+
Kh7 34. Bf8 Rxf8 35. Re7+ Kg8 36. Qc4+ Kh8 37. Qf4 Ng8 38. Qe5+ Qf6 39. Qxf6+
Nxf6 40. Rxb7 Bxc2 0-1

[Event "FBL 1"]
[Site "?"]
[Date "2018.11.17"]
[Round "3.1"]
[White "Jahn, Constanze"]
[Black "Georgescu, Lena"]
[Result "1/2-1/2"]
[WhiteElo "2079"]
[BlackElo "2154"]
[PlyCount "52"]
[EventDate "2018.10.27"]
[EventType "team-tourn"]
[EventCountry "GER"]
[WhiteTeam "Berlin SC Rotation Pankow"]
[BlackTeam "Karlsruher SF"]
[WhiteTeamCountry "GER"]
[BlackTeamCountry "GER"]

1. e4 c5 2. c3 d5 3. exd5 Nf6 4. d4 Nxd5 5. Nf3 cxd4 6. Bc4 Nc6 7. Nxd4 e6 8.
Nxc6 bxc6 9. O-O Be7 10. Qh5 O-O 11. Nd2 Qc7 12. Ne4 Rb8 13. Bb3 c5 14. c4 Nf4
15. Qf3 Ng6 16. Qe2 Bb7 17. Bc2 Qc6 18. f3 f5 19. Nc3 Bf6 20. Ba4 Qd6 21. Rd1
Bd4+ 22. Kh1 a6 23. Be3 e5 24. b4 Qc7 25. Bxd4 cxd4 26. Nd5 Qd6 1/2-1/2

[Event "FBL 1"]
[Site "?"]
[Date "2018.11.17"]
[Round "3.2"]
[White "Muetsch, Annmarie"]
[Black "Wagner Michel, Annett"]
[Result "1-0"]
[WhiteElo "2246"]
[BlackElo "2119"]
[PlyCount "147"]
[EventDate "2018.10.27"]
[EventType "team-tourn"]
[EventCountry "GER"]
[WhiteTeam "Karlsruher SF"]
[BlackTeam "Berlin SC Rotation Pankow"]
[WhiteTeamCountry "GER"]
[BlackTeamCountry "GER"]

1. e4 c5 2. Nf3 Nc6 3. Bb5 a6 4. Bxc6 dxc6 5. d3 Qc7 6. a4 b6 7. Be3 e5 8. Nbd2
Nf6 9. Nc4 Nd7 10. O-O b5 11. Ncd2 Be7 12. h3 O-O 13. Nh2 Nf6 14. f4 exf4 15.
Bxf4 Bd6 16. Qf3 Be6 17. Qe3 Bxf4 18. Qxf4 Qxf4 19. Rxf4 Rfd8 20. e5 Nd5 21.
Rf2 Nb6 22. a5 Nd7 23. Re1 Bd5 24. c4 Be6 25. b3 h6 26. Re3 Ra7 27. g4 Rb7 28.
Nhf3 g6 29. Kh2 Kg7 30. Ng1 bxc4 31. dxc4 Rh8 32. Ngf3 Rhb8 33. Rfe2 Nf8 34.
Rd3 Rd7 35. Ree3 Rbd8 36. Rxd7 Bxd7 37. Ne4 Ne6 38. Rd3 Kf8 39. Rd6 Ke7 40. Kg3
Rb8 41. Rd3 Be8 42. Ng1 Bd7 43. h4 Be8 44. Nh3 Bd7 45. Nf4 g5 46. Nxe6 gxh4+
47. Kxh4 Bxe6 48. Nxc5 Rg8 49. Rg3 Rg5 50. Nxa6 Rxe5 51. Nb4 Kd6 52. a6 Kc7 53.
Rg2 Ra5 54. Ra2 Rxa2 55. Nxa2 Kb6 56. Nb4 Bc8 57. a7 Bb7 58. Kh5 Kxa7 59. c5
Kb8 60. Kxh6 Kc7 61. Kg7 Bc8 62. g5 Be6 63. Nd3 Bxb3 64. Ne5 Bd5 65. Nxf7 Kd7
66. Kf6 Ke8 67. g6 Kf8 68. g7+ Kg8 69. Nh6+ Kh7 70. g8=Q+ Bxg8 71. Nxg8 Kxg8
72. Ke7 Kg7 73. Kd6 Kf8 74. Kxc6 1-0

[Event "FBL 1"]
[Site "?"]
[Date "2018.11.17"]
[Round "3.3"]
[White "Goehler, Antje"]
[Black "Kiefhaber, Veronika"]
[Result "1/2-1/2"]
[WhiteElo "2084"]
[BlackElo "2158"]
[PlyCount "35"]
[EventDate "2018.10.27"]
[EventType "team-tourn"]
[EventCountry "GER"]
[WhiteTeam "Berlin SC Rotation Pankow"]
[BlackTeam "Karlsruher SF"]
[WhiteTeamCountry "GER"]
[BlackTeamCountry "GER"]

1. d4 Nf6 2. Nf3 g6 3. c4 Bg7 4. e3 O-O 5. Nc3 c5 6. Be2 cxd4 7. exd4 d5 8. O-O
Nc6 9. h3 Bf5 10. Be3 dxc4 11. Bxc4 Rc8 12. Be2 Nb4 13. Rc1 Nbd5 14. Nxd5 Nxd5
15. Rxc8 Qxc8 16. Bg5 Qc7 17. Qa4 a6 18. Rc1 1/2-1/2

[Event "FBL 1"]
[Site "?"]
[Date "2018.11.17"]
[Round "3.4"]
[White "Scheynin, Julia"]
[Black "Mai, Iris"]
[Result "1/2-1/2"]
[WhiteElo "1997"]
[BlackElo "2018"]
[PlyCount "65"]
[EventDate "2018.10.27"]
[EventType "team-tourn"]
[EventCountry "GER"]
[WhiteTeam "Karlsruher SF"]
[BlackTeam "Berlin SC Rotation Pankow"]
[WhiteTeamCountry "GER"]
[BlackTeamCountry "GER"]

1. e4 c5 2. Nc3 e6 3. d3 Nc6 4. g3 Nge7 5. Bg2 d5 6. Bd2 d4 7. Nce2 Bd7 8. f4
Ng6 9. Nf3 Be7 10. O-O e5 11. f5 Nf8 12. a3 a5 13. g4 h6 14. Ng3 Nh7 15. Nh5
Kf8 16. h3 a4 17. Qc1 Nf6 18. Ng3 Kg8 19. Nh2 Nh7 20. Qe1 Bg5 21. Nf3 Bxd2 22.
Qxd2 Nf6 23. Qf2 Be8 24. Ne2 Qe7 25. Qg3 Nh7 26. h4 f6 27. Kf2 c4 28. Rh1 b5
29. Nd2 c3 30. bxc3 dxc3 31. Nf3 Qc5+ 32. Ke1 b4 33. Qf2 1/2-1/2

[Event "FBL 1"]
[Site "?"]
[Date "2018.11.17"]
[Round "3.5"]
[White "Wolf, Sylvia"]
[Black "Basovskiy, Jana"]
[Result "1/2-1/2"]
[WhiteElo "2007"]
[BlackElo "1756"]
[PlyCount "118"]
[EventDate "2018.10.27"]
[EventType "team-tourn"]
[EventCountry "GER"]
[WhiteTeam "Berlin SC Rotation Pankow"]
[BlackTeam "Karlsruher SF"]
[WhiteTeamCountry "GER"]
[BlackTeamCountry "GER"]

1. e4 c5 2. Nc3 e6 3. Nf3 Nc6 4. g3 Nf6 5. Bg2 Be7 6. O-O d5 7. exd5 exd5 8. d4
O-O 9. Bg5 Be6 10. Ne2 h6 11. Bxf6 Bxf6 12. c3 c4 13. Nf4 Bf5 14. Nd2 Ne7 15.
Qf3 Bg5 16. h4 Bxf4 17. Qxf4 Bd3 18. Rfe1 Qd7 19. Qe5 Rfe8 20. Kh2 Rad8 21. Qh5
Bg6 22. Qf3 Bf5 23. Bh1 Bg4 24. Qg2 Qb5 25. f3 Be6 26. Nf1 Nf5 27. Re2 Bd7 28.
Rae1 Qa4 29. a3 Rxe2 30. Rxe2 Re8 31. Rxe8+ Bxe8 32. Qe2 Qc6 33. f4 Bd7 34. Qe5
Be6 35. g4 Nxh4 36. f5 Bd7 37. Kg3 g5 38. Qxd5 Qxd5 39. Bxd5 b5 40. Nd2 Kg7 41.
Ne4 f6 42. Be6 Bxe6 43. fxe6 Ng6 44. Nd6 a6 45. Kf3 Kf8 46. Nf5 Nf4 47. Ke4
Nxe6 48. Kd5 Nf4+ 49. Kc6 Ke8 50. d5 Kd8 51. Nxh6 Nd3 52. Kd6 Nxb2 53. Ke6 Nd3
54. Nf7+ Ke8 55. Kxf6 Nf4 56. d6 Nd5+ 57. Ke6 Nf4+ 58. Kf6 Nd5+ 59. Ke6 Nf4+
1/2-1/2

[Event "FBL 1"]
[Site "?"]
[Date "2018.11.17"]
[Round "3.6"]
[White "Hartmann, Cora"]
[Black "Jeske, Kirsten"]
[Result "0-1"]
[WhiteElo "1845"]
[BlackElo "1939"]
[PlyCount "42"]
[EventDate "2018.10.27"]
[EventType "team-tourn"]
[EventCountry "GER"]
[WhiteTeam "Karlsruher SF"]
[BlackTeam "Berlin SC Rotation Pankow"]
[WhiteTeamCountry "GER"]
[BlackTeamCountry "GER"]

1. e4 e5 2. Nf3 Nf6 3. Nc3 Bb4 4. Bc4 O-O 5. Nxe5 Qe7 6. Nxf7 Bxc3 7. dxc3
Qxe4+ 8. Qe2 Qxe2+ 9. Kxe2 d5 10. Bxd5 Nxd5 11. Ng5 Bf5 12. Rd1 c6 13. Rd2 Nd7
14. c4 N5f6 15. Kf1 Ne5 16. b3 h6 17. Nf3 Nxf3 18. gxf3 Bh3+ 19. Ke2 Nd7 20.
Bb2 Rae8+ 21. Kd1 Rxf3 0-1

[Event "FBL 1"]
[Site "?"]
[Date "2018.11.17"]
[Round "3.1"]
[White "Paehtz, Elisabeth"]
[Black "Dirmeier, Carolin"]
[Result "1-0"]
[WhiteElo "2495"]
[BlackElo "1937"]
[PlyCount "51"]
[EventDate "2018.10.27"]
[EventType "team-tourn"]
[EventCountry "GER"]
[WhiteTeam "Deizisau SF"]
[BlackTeam "Muenchen FC Bayern"]
[WhiteTeamCountry "GER"]
[BlackTeamCountry "GER"]

1. e4 c5 2. Nc3 Nc6 3. Bb5 Nd4 4. Bc4 g6 5. Nf3 Bg7 6. d3 a6 7. Nxd4 cxd4 8.
Ne2 e5 9. f4 Ne7 10. fxe5 Qa5+ 11. c3 dxc3 12. bxc3 Qxe5 13. O-O Qc5+ 14. Kh1
d5 15. exd5 O-O 16. a4 Re8 17. Ba3 Qe3 18. Ng3 Nf5 19. Ne4 Qh6 20. Bc1 Ne3 21.
Qf3 Bg4 22. Qxe3 Qxe3 23. Bxe3 f5 24. d6+ Kh8 25. d7 Re7 26. Ng5 1-0

[Event "FBL 1"]
[Site "?"]
[Date "2018.11.17"]
[Round "3.2"]
[White "Schenk, Stefanie"]
[Black "Shvayger, Yuliya"]
[Result "0-1"]
[WhiteElo "2096"]
[BlackElo "2389"]
[PlyCount "114"]
[EventDate "2018.10.27"]
[EventType "team-tourn"]
[EventCountry "GER"]
[WhiteTeam "Muenchen FC Bayern"]
[BlackTeam "Deizisau SF"]
[WhiteTeamCountry "GER"]
[BlackTeamCountry "GER"]

1. Nf3 d5 2. g3 g6 3. Bg2 Bg7 4. O-O e5 5. d3 Ne7 6. e4 d4 7. c3 O-O 8. cxd4
exd4 9. Bf4 c5 10. Na3 Nbc6 11. Rc1 b6 12. Nc4 h6 13. h4 Be6 14. a3 Kh7 15. Qa4
a6 16. Nce5 Nb8 17. Qc2 f6 18. Nc4 Nbc6 19. Bd6 Rc8 20. Rfe1 b5 21. Bxe7 Nxe7
22. Ncd2 f5 23. exf5 Bxf5 24. Qb3 Qc7 25. Bf1 Qd6 26. a4 Rb8 27. axb5 axb5 28.
Qa3 Rbc8 29. Qa7 Nd5 30. Qb7 Rb8 31. Qa7 Rbc8 32. Qb7 Rb8 33. Qa7 Nb6 34. Re7
Nd7 35. Rxd7 Qxd7 36. Qxd7 Bxd7 37. Rxc5 Bg4 38. Ne5 Bf5 39. h5 g5 40. Ne4 Rfc8
41. Rxc8 Rxc8 42. Nd6 Bxe5 43. Nxf5 Rc1 44. f4 gxf4 45. gxf4 Bxf4 46. Kf2 Be3+
47. Nxe3 dxe3+ 48. Ke2 Kg7 49. Bh3 Rc2+ 50. Kxe3 Rxb2 51. Bf5 Kf6 52. Be4 b4
53. d4 Rb3+ 54. Bd3 Rc3 55. Kd2 Ke6 56. Be4 Kd6 57. Kd1 Rc4 0-1

[Event "FBL 1"]
[Site "?"]
[Date "2018.11.17"]
[Round "3.3"]
[White "Schleining, Zoya"]
[Black "Vidonyak, Nellya"]
[Result "1-0"]
[WhiteElo "2371"]
[BlackElo "2115"]
[PlyCount "75"]
[EventDate "2018.10.27"]
[EventType "team-tourn"]
[EventCountry "GER"]
[WhiteTeam "Deizisau SF"]
[BlackTeam "Muenchen FC Bayern"]
[WhiteTeamCountry "GER"]
[BlackTeamCountry "GER"]

1. d4 d5 2. c4 e6 3. Nf3 Nf6 4. Bg5 Be7 5. Nc3 O-O 6. e3 b6 7. Rc1 Bb7 8. Bxf6
Bxf6 9. cxd5 exd5 10. b4 c6 11. Qb3 Qd6 12. Be2 Be7 13. b5 c5 14. dxc5 bxc5 15.
O-O Nd7 16. Rfd1 Nb6 17. a4 Rab8 18. a5 Nc4 19. Nxd5 Bxd5 20. Bxc4 Bxc4 21.
Qxc4 Qc7 22. Nd4 Bd6 23. Nc6 Bxh2+ 24. Kh1 Rbe8 25. Qxc5 Re6 26. Qxa7 Qxa7 27.
Nxa7 Rh6 28. Nc6 f5 29. Ne7+ Kh8 30. Nxf5 Rhf6 31. Kxh2 Rxf5 32. b6 Rb5 33. Rd6
h6 34. a6 Kh7 35. a7 Rb2 36. Ra1 Ra8 37. Ra6 h5 38. Rd7 1-0

[Event "FBL 1"]
[Site "?"]
[Date "2018.11.17"]
[Round "3.4"]
[White "Ankerst, Milka"]
[Black "Koepke, Elena"]
[Result "0-1"]
[WhiteElo "2015"]
[BlackElo "2288"]
[PlyCount "192"]
[EventDate "2018.10.27"]
[EventType "team-tourn"]
[EventCountry "GER"]
[WhiteTeam "Muenchen FC Bayern"]
[BlackTeam "Deizisau SF"]
[WhiteTeamCountry "GER"]
[BlackTeamCountry "GER"]

1. e4 e5 2. Nf3 Nc6 3. Nc3 Nf6 4. d4 exd4 5. Nxd4 Bb4 6. Nxc6 bxc6 7. Bd3 d5 8.
exd5 cxd5 9. O-O O-O 10. Bg5 c6 11. Ne2 h6 12. Bh4 Bd7 13. Kh1 Re8 14. c3 Bf8
15. Qc2 c5 16. Rfe1 Qb6 17. b3 a5 18. Rab1 g5 19. Bg3 Bg7 20. f3 Qc6 21. Bf5
Bxf5 22. Qxf5 Nh5 23. Bf2 Re5 24. Qd3 Rae8 25. Ng3 Nf4 26. Qd2 h5 27. Rxe5 Rxe5
28. Be3 Qg6 29. Rd1 Ne6 30. Qf2 d4 31. Bd2 Rd5 32. c4 Rd7 33. Bxa5 Ra7 34. Be1
g4 35. Ne4 f5 36. Nd6 Ng5 37. Nb5 Re7 38. Bd2 Bh6 39. b4 gxf3 40. gxf3 Nh3 41.
Qf1 Bxd2 42. Rxd2 Nf4 43. Qg1 Kh7 44. Qxg6+ Kxg6 45. h4 d3 46. Kg1 cxb4 47. Kf2
Kf6 48. Nd4 Rc7 49. Ke3 Rxc4 50. Kxf4 Rxd4+ 51. Ke3 Ke5 52. Rxd3 f4+ 53. Ke2
Rxd3 54. Kxd3 Kd5 55. Kc2 Kc4 56. Kb2 Kd3 57. Kb3 Ke3 58. Kxb4 Kxf3 59. a4 Kg3
60. a5 f3 61. a6 f2 62. a7 f1=Q 63. a8=Q Qf4+ 64. Kc5 Kxh4 65. Qa1 Qe3+ 66. Kc6
Kg3 67. Qg7+ Kf2 68. Qb2+ Qe2 69. Qd4+ Kg3 70. Qd6+ Kh3 71. Qa3+ Kg2 72. Qa5
Qf3+ 73. Kc7 h4 74. Kc8 Qg4+ 75. Kd8 Qd4+ 76. Kc8 h3 77. Qg5+ Kf3 78. Qf5+ Kg3
79. Kb7 h2 80. Qg6+ Qg4 81. Qd6+ Qf4 82. Qg6+ Kf3 83. Qd3+ Kg2 84. Qg6+ Qg3 85.
Qc2+ Kh1 86. Kc8 Qg4+ 87. Kd8 Kg1 88. Qc5+ Kg2 89. Qc2+ Kg3 90. Qd3+ Kf2 91.
Qd2+ Qe2 92. Qf4+ Ke1 93. Qh4+ Kd1 94. Qa4+ Qc2 95. Qg4+ Kc1 96. Qh4 Qd1+ 0-1

[Event "FBL 1"]
[Site "?"]
[Date "2018.11.17"]
[Round "3.5"]
[White "Misanovic, Vesna"]
[Black "Klenk, Sofie"]
[Result "1-0"]
[WhiteElo "2255"]
[BlackElo "1813"]
[PlyCount "135"]
[EventDate "2018.10.27"]
[EventType "team-tourn"]
[EventCountry "GER"]
[WhiteTeam "Deizisau SF"]
[BlackTeam "Muenchen FC Bayern"]
[WhiteTeamCountry "GER"]
[BlackTeamCountry "GER"]

1. d4 d5 2. Nf3 c5 3. dxc5 Nf6 4. a3 a5 5. Nc3 Nc6 6. Bf4 Bg4 7. Ne5 Bf5 8. Nb5
Rc8 9. Nxc6 Rxc6 10. Nd4 Bg6 11. Nxc6 bxc6 12. b4 e6 13. e3 Be7 14. Be2 O-O 15.
O-O Nd7 16. c4 Bf6 17. Ra2 e5 18. Bg3 Qa8 19. Qa4 axb4 20. axb4 Qxa4 21. Rxa4
d4 22. exd4 exd4 23. Bf3 Ne5 24. Bxe5 Bxe5 25. Bxc6 d3 26. Ra8 d2 27. Rxf8+
Kxf8 28. Ba4 Bd3 29. Rd1 Bc3 30. c6 Bxc4 31. c7 Be6 32. Bb3 Bc8 33. b5 Ke7 34.
Kf1 f6 35. Ke2 Kd6 36. Kd3 Ba5 37. Ra1 Bf5+ 38. Ke2 Bb6 39. Kxd2 Kxc7 40. Rc1+
Kd8 41. f3 Bd7 42. Bc4 Ke7 43. Kc3 Ba5+ 44. Kb3 Kd6 45. Ka4 Bb6 46. Rd1+ Kc7
47. Kb4 h6 48. h3 Bc8 49. Re1 Kd6 50. Re8 Bf5 51. Rg8 g6 52. g4 Bb1 53. Rh8 f5
54. Rxh6 fxg4 55. fxg4 Ke5 56. Rh8 Be4 57. Rb8 Bc7 58. Re8+ Kd4 59. Re6 g5 60.
b6 Bf4 61. Kb5 Bg2 62. Be2 Kd5 63. Rf6 Kd4 64. Ka6 Ke3 65. Bb5 Kf2 66. b7 Bxb7+
67. Kxb7 Kg3 68. Rxf4 1-0

[Event "FBL 1"]
[Site "?"]
[Date "2018.11.17"]
[Round "3.6"]
[White "Spiel, Marianne"]
[Black "Jelica, Mara"]
[Result "0-1"]
[WhiteElo "1901"]
[BlackElo "2159"]
[PlyCount "72"]
[EventDate "2018.10.27"]
[EventType "team-tourn"]
[EventCountry "GER"]
[WhiteTeam "Muenchen FC Bayern"]
[BlackTeam "Deizisau SF"]
[WhiteTeamCountry "GER"]
[BlackTeamCountry "GER"]

1. e4 c5 2. Nf3 d6 3. d4 cxd4 4. Nxd4 Nf6 5. Nc3 a6 6. Be3 e5 7. Nb3 Be6 8. Qd2
Nbd7 9. O-O-O Qc7 10. f3 Be7 11. g4 O-O 12. g5 Nh5 13. Nd5 Bxd5 14. Qxd5 Rac8
15. Qd2 Nb6 16. Kb1 Rfd8 17. Qf2 Nc4 18. Bxc4 Qxc4 19. h4 d5 20. exd5 Rxd5 21.
Rxd5 Qxd5 22. Nd2 b5 23. Ne4 a5 24. Qe2 b4 25. Rd1 Qc6 26. Rd2 a4 27. Qd1 a3
28. Rd7 Bf8 29. Rd5 axb2 30. Rxe5 Ra8 31. Qd5 Qa6 32. Kxb2 b3 33. Qxb3 Ba3+ 34.
Kc3 Qe2 35. Nd2 Rc8+ 36. Nc4 Qe1+ 0-1

[Event "FBL 1"]
[Site "?"]
[Date "2018.11.17"]
[Round "3.1"]
[White "Bluhm, Sonja Maria"]
[Black "Khademalsharieh, Sarasadat"]
[Result "0-1"]
[WhiteElo "2229"]
[BlackElo "2448"]
[PlyCount "68"]
[EventDate "2018.10.27"]
[EventType "team-tourn"]
[EventCountry "GER"]
[WhiteTeam "Hofheim SV"]
[BlackTeam "Hamburger SK"]
[WhiteTeamCountry "GER"]
[BlackTeamCountry "GER"]

1. e4 e5 2. Nf3 Nc6 3. Bc4 Nf6 4. d3 h6 5. c3 d6 6. Bb3 g6 7. Nbd2 Bg7 8. O-O
O-O 9. Re1 Na5 10. Bc2 c5 11. h3 Qc7 12. Nb3 Nc6 13. Be3 Re8 14. d4 b6 15. dxc5
dxc5 16. Qe2 Nh5 17. Rad1 Nf4 18. Bxf4 exf4 19. Bd3 Be6 20. Bc4 Bxc4 21. Qxc4
Re6 22. Nbd2 Rae8 23. b4 Ne5 24. Nxe5 Qxe5 25. Rc1 Qc7 26. Nb3 Qc6 27. b5 Qb7
28. f3 Qd7 29. Re2 Rd6 30. Rec2 Rd8 31. Qe2 Bf6 32. Rf1 Rd3 33. c4 Re3 34. Qf2
Rxb3 0-1

[Event "FBL 1"]
[Site "?"]
[Date "2018.11.17"]
[Round "3.2"]
[White "Hoolt, Sarah"]
[Black "Agrest, Inna"]
[Result "1-0"]
[WhiteElo "2351"]
[BlackElo "2258"]
[PlyCount "91"]
[EventDate "2018.10.27"]
[EventType "team-tourn"]
[EventCountry "GER"]
[WhiteTeam "Hamburger SK"]
[BlackTeam "Hofheim SV"]
[WhiteTeamCountry "GER"]
[BlackTeamCountry "GER"]

1. d4 Nf6 2. Nc3 d5 3. Bf4 c5 4. e3 a6 5. dxc5 Nc6 6. Nf3 e6 7. Bd3 Bxc5 8. O-O
O-O 9. e4 Nb4 10. e5 Nxd3 11. cxd3 Nd7 12. d4 Ba7 13. Re1 b5 14. Re3 f6 15.
exf6 Nxf6 16. Ng5 Qb6 17. Be5 Bd7 18. Qd3 Be8 19. Rae1 Bg6 20. Qd1 b4 21. Na4
Qc6 22. Nc5 Bxc5 23. dxc5 Ne4 24. Nxe4 Bxe4 25. Qd4 Rf7 26. Rg3 Raa7 27. Qxb4
Rab7 28. Qc3 Bg6 29. b4 Rf5 30. Rge3 Rg5 31. Qd4 Bf5 32. Rg3 Rxg3 33. hxg3 Qa4
34. Qh4 h6 35. Bc3 Qd7 36. Qd4 Rc7 37. Qe5 Rc6 38. a4 Qc7 39. Qd4 Qf7 40. b5
axb5 41. axb5 Rc8 42. c6 Be4 43. Ra1 e5 44. Qxe5 Bd3 45. b6 Rxc6 46. Ra7 1-0

[Event "FBL 1"]
[Site "?"]
[Date "2018.11.17"]
[Round "3.3"]
[White "Mar, Karmen"]
[Black "Osmanodja, Filiz"]
[Result "0-1"]
[WhiteElo "2104"]
[BlackElo "2325"]
[PlyCount "140"]
[EventDate "2018.10.27"]
[EventType "team-tourn"]
[EventCountry "GER"]
[WhiteTeam "Hofheim SV"]
[BlackTeam "Hamburger SK"]
[WhiteTeamCountry "GER"]
[BlackTeamCountry "GER"]

1. e4 e5 2. Nf3 Nc6 3. Bc4 Bc5 4. O-O Nf6 5. d3 d6 6. c3 a6 7. Bb3 Ba7 8. Nbd2
O-O 9. Nc4 Re8 10. Bg5 h6 11. Bh4 Bg4 12. h3 Bh5 13. g4 Bg6 14. Ne3 Nb8 15. Nd5
Nbd7 16. Ne1 c6 17. Nxf6+ gxf6 18. Qf3 Kg7 19. Ng2 Nc5 20. Bc2 Ne6 21. Bb3 Ng5
22. Bxg5 fxg5 23. Ne3 Qf6 24. Qg3 Qf4 25. Kg2 d5 26. exd5 Bxd3 27. Nf5+ Bxf5
28. Qxf4 gxf4 29. gxf5 e4 30. dxc6 f3+ 31. Kh1 bxc6 32. Ba4 Rac8 33. Rad1 Re5
34. Rd7 Bxf2 35. Rxf2 e3 36. Rxf3 e2 37. Rg3+ Kf6 38. Rg1 e1=Q 39. Rxe1 Rxe1+
40. Kg2 Re2+ 41. Kf3 Rxb2 42. Bb3 Kxf5 43. Rxf7+ Kg6 44. Rd7 Rf8+ 45. Kg3 Rbf2
46. Rd6+ R8f6 47. Rd3 h5 48. Re3 a5 49. a4 Kh6 50. Bd1 Rf1 51. Bf3 Rg6+ 52. Kf4
Rf6+ 53. Kg3 Rg6+ 54. Kf4 h4 55. Rd3 Rf6+ 56. Kg4 c5 57. c4 Rc1 58. Kxh4 Rxc4+
59. Kg3 Rxa4 60. Rc3 Rg6+ 61. Kf2 Ra2+ 62. Ke3 Rg3 63. h4 Ra1 64. Kf4 Rg6 65.
Rxc5 a4 66. Rh5+ Kg7 67. Ra5 Rf6+ 68. Kg3 Ra3 69. Ra7+ Kh6 70. Kg4 Rfxf3 0-1